Statistics for King of the Hill 1

Click here to take the quiz!

General Stats

  • This quiz has been taken 255 times
  • The average score is 5 of 15

Answer Stats

HintAnswer% Correct
When Hank meets George W. Bush he is greatly disheartened. Why?hand shake
79%
How much does Hank recieve for his annual bonus in the episode "Rich Hank, Poor Hank"1000
70%
If Will Ferrell was coaching at your school wouldn't you play for his team too? What sport did Will Ferrell voice the coach of?Soccer
60%
Name one of the 2 voice actors for Roger "Buddha" Sack?Chris Rock
45%
In the episode "Patch Boomhauer" who voices Boomhauer's brother Patch?Brad Pitt
44%
Alabaster Jones is voiced by what world renoun musical artist?Snoop Dogg
43%
When Bill's ghost costume fail's what does he elect his garb to be?Toga
41%
I the episode ""Care-Takin' Care of Business" what affectionate name does Luanne call lucky's truck?Pretty pretty truck truck
22%
What does Octavio have tattooed on his chest?Rob Zombie
20%
What car maker infuriates Cotton when he finds out Eustace Miller drives one?mitsubishi
18%
Who does Cotton have to give the finger to at the wax museum?FDR
16%
Hoyt Platter (Luanne's father) is voiced by what hollywood actor?Johnny Knoxville
14%
In "Wings of the Dope" we meet Buckley's angel. What song is played when Luanne and Buckley jump on the trampoline together?Life in a Northern Town
12%
What kind of dog does the Souphanousinphones own? (Doggie Souphanousinphone)West Highland White Terrier
10%
How did the original actor who voiced John Redcorn die?Motorcycle accident
3%

Score Distribution

Percentile by Number Answered

Percent of People with Each Score

Your Score History

You have not taken this quiz